<?xml version="1.0" encoding="UTF-8"?>
<record
    xmlns:xsi="http://www.w3.org/2001/XMLSchema-instance"
    xsi:schemaLocation="http://www.loc.gov/MARC21/slim http://www.loc.gov/standards/marcxml/schema/MARC21slim.xsd"
    xmlns="http://www.loc.gov/MARC21/slim">

  <leader>01278nam a22002057a 4500</leader>
  <controlfield tag="003">BDDh-ASL</controlfield>
  <controlfield tag="005">20231015031215.0</controlfield>
  <controlfield tag="008">200914s1990    ii ||||| |||| 00| 0 b   d</controlfield>
  <datafield tag="040" ind1=" " ind2=" ">
    <subfield code="a">BDDh-ASL</subfield>
    <subfield code="c">BDDh-ASL</subfield>
    <subfield code="d">BDDh-ASL</subfield>
  </datafield>
  <datafield tag="041" ind1=" " ind2=" ">
    <subfield code="a">bengali </subfield>
  </datafield>
  <datafield tag="082" ind1=" " ind2=" ">
    <subfield code="a">294.5</subfield>
    <subfield code="b">MOH</subfield>
  </datafield>
  <datafield tag="245" ind1="0" ind2="0">
    <subfield code="a">&#x995;&#x9BE;&#x9B6;&#x9C0;&#x9A6;&#x9BE;&#x9B8;&#x9C0; &#x9AE;&#x9B9;&#x9BE;&#x9AD;&#x9BE;&#x9B0;&#x9A4; /</subfield>
    <subfield code="c">&#x9B8;&#x9C1;&#x9AC;&#x9CB;&#x9A6;&#x99A;&#x9A8;&#x9CD;&#x9A6;&#x9CD;&#x9B0; &#x9AE;&#x99C;&#x9C1;&#x9AE;&#x9A6;&#x9BE;&#x9B0; (&#x9B8;&#x9AE;&#x9CD;&#x9AA;&#x9BE;.) </subfield>
  </datafield>
  <datafield tag="246" ind1=" " ind2=" ">
    <subfield code="a">Mohabharat. </subfield>
  </datafield>
  <datafield tag="260" ind1=" " ind2=" ">
    <subfield code="a">&#x995;&#x9B2;&#x9BF;&#x995;&#x9BE;&#x9A4;&#x9BE;: </subfield>
    <subfield code="b">&#x9A6;&#x9C7;&#x9AC; &#x9B8;&#x9BE;&#x9B9;&#x9BF;&#x9A4;&#x9CD;&#x9AF; &#x995;&#x9C1;&#x99F;&#x9C0;&#x9B0; &#x9AA;&#x9CD;&#x9B0;&#x9BE;&#x987;&#x9AD;&#x9C7;&#x99F; &#x9B2;&#x9BF;&#x9AE;&#x9BF;&#x99F;&#x9C7;&#x9A1;, </subfield>
    <subfield code="c">&#x9E7;&#x9EF;&#x9EF;&#x9E6;&#x964; </subfield>
  </datafield>
  <datafield tag="300" ind1=" " ind2=" ">
    <subfield code="a">&#x9E7;&#x9E8;&#x9E9;&#x9E8; &#x9AA;&#x9C3;&#x9B7;&#x9CD;&#x9A0;&#x9BE;: </subfield>
    <subfield code="c">&#x9E8;&#x9EB; &#x9B8;&#x9C7;.&#x9AE;&#x9BF;. </subfield>
  </datafield>
  <datafield tag="650" ind1=" " ind2="0">
    <subfield code="a">Hindu Religion (&#x9B9;&#x9BF;&#x9A8;&#x9CD;&#x9A6;&#x9C1; &#x9A7;&#x9B0;&#x9CD;&#x9AE;), Hindu dharma, Hinduism, &#x9B9;&#x9BF;&#x9A8;&#x9CD;&#x9A6;&#x9C1;&#x9A7;&#x9B0;&#x9CD;&#x9AE;, &#x9B9;&#x9BF;&#x9A8;&#x9CD;&#x9A6;&#x9C1;&#x9AF;&#x9BC;&#x9BE;&#x9A8;&#x9BF;, &#x9A6;&#x9C7;&#x9AC;&#x9A6;&#x9C7;&#x9AC;&#x9C0;, D&#x113;bad&#x113;b&#x12B;, Goddess, D&#x113;ba-d&#x113;b&#x12B;, &#x9A6;&#x9C7;&#x9AC;-&#x9A6;&#x9C7;&#x9AC;&#x9C0;, Gods and Goddesses, &#x9B9;&#x9BF;&#x9A8;&#x9CD;&#x9A6;&#x9C1; &#x9A7;&#x9B0;&#x9CD;&#x9AE;&#x9C7;&#x9B0; &#x987;&#x9A4;&#x9BF;&#x9B9;&#x9BE;&#x9B8;, Hindu dharm&#x113;ra itih&#x101;sa, History of Hinduism, &#x9B9;&#x9BF;&#x9A8;&#x9CD;&#x9A6;&#x9C1; &#x986;&#x987;&#x9A8;, Hindu &#x101;'ina, Hindu Law, </subfield>
    <subfield code="x">Mohabharat (&#x9AE;&#x9B9;&#x9BE;&#x9AD;&#x9BE;&#x9B0;&#x9A4;)</subfield>
    <subfield code="9">6132</subfield>
  </datafield>
  <datafield tag="650" ind1=" " ind2="0">
    <subfield code="a">Mohabharat (&#x9AE;&#x9B9;&#x9BE;&#x9AD;&#x9BE;&#x9B0;&#x9A4;)</subfield>
    <subfield code="9">7427</subfield>
  </datafield>
  <datafield tag="700" ind1="1" ind2=" ">
    <subfield code="9">732</subfield>
    <subfield code="a">&#x9AE;&#x99C;&#x9C1;&#x9AE;&#x9A6;&#x9BE;&#x9B0;, &#x9B8;&#x9C1;&#x9AC;&#x9CB;&#x9A6;&#x99A;&#x9A8;&#x9CD;&#x9A6;&#x9CD;&#x9B0;</subfield>
  </datafield>
  <datafield tag="942" ind1=" " ind2=" ">
    <subfield code="2">ddc</subfield>
    <subfield code="c">BK</subfield>
  </datafield>
  <datafield tag="952" ind1=" " ind2=" ">
    <subfield code="0">0</subfield>
    <subfield code="1">0</subfield>
    <subfield code="2">ddc</subfield>
    <subfield code="4">0</subfield>
    <subfield code="7">0</subfield>
    <subfield code="8">NFIC</subfield>
    <subfield code="a">ASL</subfield>
    <subfield code="b">ASL</subfield>
    <subfield code="c">WAC</subfield>
    <subfield code="d">2023-03-08</subfield>
    <subfield code="e">Donated by Prof. Wakil Ahmed</subfield>
    <subfield code="l">0</subfield>
    <subfield code="o">294.5 MOH</subfield>
    <subfield code="p">119470</subfield>
    <subfield code="r">2023-03-08 00:00:00</subfield>
    <subfield code="t">C-1</subfield>
    <subfield code="w">2023-03-08</subfield>
    <subfield code="y">BK</subfield>
    <subfield code="z">RARE</subfield>
  </datafield>
  <datafield tag="999" ind1=" " ind2=" ">
    <subfield code="c">30912</subfield>
    <subfield code="d">30912</subfield>
  </datafield>
</record>
